[Event "AUTO-ADV-3050"]
[Site "http://www.queenalice.com/game.php?id=1247336"]
[Date "2014.1.12"]
[Round "1"]
[White "phystutordotcom"]
[Black "nois"]
[Result "1-0"]
[WhiteElo "2109"]
[BlackElo "1751"]

1. Nf3 Nc6 2. d4 d5 3. g3 Bf5 4. Bg2 e6 5. O-O Qf6 6. c4 Nge7 7. Nc3 O-O-O 8.
Bf4 h6 9. Nb5 Rd7 10. Ne5 Nxe5 11. Nxa7+ Kb8 12. Bxe5 Qg6 13. Qa4 Nc6 14. Nxc6+
bxc6 15. Qxc6 Re7 16. Rfc1 f6 17. cxd5 fxe5 18. d6 cxd6 19. Qa8# 1-0

[Event "AUTO-ADV-3050"]
[Site "http://www.queenalice.com/game.php?id=1247337"]
[Date "2014.1.12"]
[Round "1"]
[White "nois"]
[Black "phystutordotcom"]
[Result "0-1"]
[WhiteElo "1773"]
[BlackElo "2170"]

1. e4 d6 2. Bc4 Nf6 3. Nc3 e5 4. h3 Nxe4 5. Nxe4 d5 6. Bxd5 Qxd5 7. d3 Bb4+ 8.
c3 Be7 9. Qf3 Be6 10. Ne2 Nc6 11. N2g3 O-O-O 12. Nf5 Bxf5 13. Qxf5+ Kb8 14. O-O
g6 15. Qf3 f5 16. Ng5 h6 17. Qxd5 Rxd5 18. Nf7 Rh7 19. Nxh6 Bf8 20. Ng8 Rh8 21.
Nf6 Rd6 22. Bg5 Be7 23. Ne4 fxe4 24. Bxe7 Nxe7 25. dxe4 Rhd8 26. b3 g5 27. c4
Rd2 28. f3 Ng6 29. g3 Kc8 30. a3 R8d3 31. b4 Rc2 32. c5 Rdd2 33. Rac1 Rg2+ 0-1

[Event "AUTO-ADV-3050"]
[Site "http://www.queenalice.com/game.php?id=1247348"]
[Date "2014.1.12"]
[Round "1"]
[White "nois"]
[Black "dladuke7"]
[Result "0-1"]
[WhiteElo "1771"]
[BlackElo "1570"]

1. e4 e5 2. Bc4 Nf6 3. Qf3 Bc5 4. a4 O-O 5. c3 d6 6. h3 Nbd7 7. b4 Nb6 8. Bb3
Bxf2+ 9. Kxf2 Be6 10. Bxe6 fxe6 11. d3 d5 12. exd5 exd5 13. Qg3 Nh5+ 14. Qf3
Rxf3+ 15. Nxf3 e4 16. Bg5 Qd6 17. dxe4 dxe4 18. Nd4 Rf8+ 19. Ke3 Qe5 20. Bh4
Qf4+ 21. Ke2 Qxh4 22. Nd2 Qf2+ 23. Kd1 Qxg2 24. Re1 Nd5 25. Kc2 Rf2 26. Rad1 e3
27. Rg1 Qe4+ 28. Kb3 Rxd2 0-1

[Event "AUTO-ADV-3050"]
[Site "http://www.queenalice.com/game.php?id=1247349"]
[Date "2014.1.12"]
[Round "1"]
[White "dladuke7"]
[Black "nois"]
[Result "0-1"]
[WhiteElo "1579"]
[BlackElo "1749"]

1. e4 e5 2. Nf3 Qf6 3. Nc3 c6 4. Bc4 a5 5. O-O b5 6. Be2 Bc5 7. d3 h6 8. Be3
Bxe3 9. fxe3 d6 10. Nd4 Qg5 11. Rf3 exd4 12. Rf5 Bxf5 13. exf5 dxc3 14. bxc3
Qxe3+ 15. Kh1 Nf6 16. Bf3 O-O 17. a4 bxa4 18. Rxa4 d5 19. c4 Re8 20. h3 Qf2 21.
Ra1 Nbd7 22. cxd5 cxd5 23. c4 Ne5 24. Rc1 Nxf3 25. gxf3 Re2 26. cxd5 Qg2# 0-1

[Event "AUTO-ADV-3073"]
[Site "http://www.queenalice.com/game.php?id=1255396"]
[Date "2014.2.11"]
[Round "1"]
[White "Spessatto"]
[Black "nois"]
[Result "1/2-1/2"]
[WhiteElo "1800"]
[BlackElo "1788"]

1. d4 d5 2. h3 Bf5 3. Nf3 e6 4. Bf4 Bd6 5. Ne5 Ne7 6. e3 O-O 7. Bh2 Nbc6 8. Bd3
Nxe5 9. dxe5 Bc5 10. O-O Bxd3 11. Qxd3 Ng6 12. Nd2 c6 13. Nf3 f6 14. exf6 Rxf6
15. Ne5 Nxe5 16. Bxe5 Rf5 17. Bd4 Bxd4 18. Qxd4 b6 19. Rad1 Qg5 20. Qg4 Qxg4 21.
hxg4 Rg5 22. f3 1/2-1/2

[Event "AUTO-ADV-3073"]
[Site "http://www.queenalice.com/game.php?id=1255397"]
[Date "2014.2.11"]
[Round "1"]
[White "nois"]
[Black "Spessatto"]
[Result "1/2-1/2"]
[WhiteElo "1788"]
[BlackElo "1800"]

1. e4 e5 2. Bc4 Bc5 3. Qf3 Nf6 4. d3 h6 5. Qg3 d5 6. Qxe5+ Be6 7. exd5 Nxd5 8.
Qxg7 Kd7 9. Nc3 c6 10. Bxd5 cxd5 11. Nf3 h5 12. Ne5+ Kc8 13. Nxf7 Bxf2+ 14. Ke2
Bxf7 15. Qxf7 Re8+ 16. Kd2 Qg5+ 17. Kd1 Qg4+ 18. Kd2 Qg5+ 19. Kd1 Qg4+ 20. Kd2
Qg5+ 1/2-1/2

[Event "AUTO-ADV-3073"]
[Site "http://www.queenalice.com/game.php?id=1255414"]
[Date "2014.2.11"]
[Round "1"]
[White "nois"]
[Black "Feanzeli"]
[Result "0-1"]
[WhiteElo "1788"]
[BlackElo "1648"]

1. e4 e5 2. Bc4 Nf6 3. Qf3 Bc5 4. d3 O-O 5. Ne2 Nc6 6. c3 d5 7. exd5 e4 8. dxe4
Ne5 9. Qg3 Nxc4 10. b3 Nxe4 11. Qf3 Nxf2 12. Rf1 Ne5 13. Qf4 Ned3+ 0-1

[Event "AUTO-ADV-3073"]
[Site "http://www.queenalice.com/game.php?id=1255415"]
[Date "2014.2.11"]
[Round "1"]
[White "Feanzeli"]
[Black "nois"]
[Result "1-0"]
[WhiteElo "1838"]
[BlackElo "1784"]

1. d4 e6 2. Nf3 h6 3. e4 c6 4. Bd3 d5 5. O-O dxe4 6. Bxe4 Nf6 7. Nc3 Bb4 8. Bd3
O-O 9. Bf4 Nbd7 10. a3 Bxc3 11. bxc3 c5 12. Bd6 Re8 13. dxc5 e5 14. Nxe5 Nxe5
15. Bxe5 Nd7 16. Bd4 Nf6 17. Qf3 Qd7 18. Bxf6 gxf6 19. Qxf6 Qg4 20. Bh7+ Kxh7
21. Qxf7+ Qg7 22. Qxe8 Bh3 23. Qe4+ Kh8 24. Kh1 Bd7 25. Qxb7 Rg8 26. Rfd1 Qxc3
27. Qxd7 Qxc5 28. Qd4+ Qxd4 29. Rxd4 Rc8 30. c4 a5 31. Rad1 Rc7 32. Rd8+ Kg7 33.
R8d7+ Rxd7 34. Rxd7+ 1-0

[Event "AUTO-ADV-3073"]
[Site "http://www.queenalice.com/game.php?id=1255416"]
[Date "2014.2.11"]
[Round "1"]
[White "nois"]
[Black "ACamargo"]
[Result "0-1"]
[WhiteElo "1750"]
[BlackElo "2028"]

1. e4 e5 2. Bc4 d6 3. Qf3 Nf6 4. h3 h6 5. Ne2 a6 6. O-O Be7 7. d3 O-O 8. Nbc3 b5
9. Bb3 Bb7 10. a4 b4 11. Nd1 a5 12. Ne3 Nbd7 13. Nf5 Nh7 14. Qg3 Bg5 15. Bxg5
Qxg5 16. h4 Qxg3 17. Nexg3 Nhf6 18. Rfe1 Rfe8 19. Re3 d5 20. exd5 Bxd5 21. Bxd5
Nxd5 22. Rf3 N7f6 23. Ne4 Nh5 24. g4 Nhf4 25. g5 h5 26. Re1 Rad8 27. Rg3 Ng6 28.
c4 bxc3 29. bxc3 Ndf4 30. Nh6+ Kf8 31. Nf5 Nxd3 32. Rd1 Ndf4 33. Rxd8 Rxd8 34.
Kh2 Rd3 35. Nc5 Rxg3 36. Kxg3 Ne2+ 37. Kf3 Nxc3 38. Ke3 Nf4 39. Nd7+ Kg8 40.
Nxe5 Ne6 41. Ne7+ Kf8 42. N7c6 Nxa4 43. Nxa5 Nac5 44. f4 f6 45. gxf6 gxf6 46.
Ng6+ Kf7 47. f5 Ng7 48. Kf4 Ne8 49. Nc6 Nd6 50. Nge7 Nd3+ 51. Ke3 Ne5 52. Nxe5+
fxe5 53. Nd5 c6 54. Nc3 Nxf5+ 55. Ke4 Ke6 56. Na4 Nxh4 57. Nc5+ Kd6 58. Nd3 Ng6
59. Kf3 Kd5 60. Nb4+ Kc5 61. Nd3+ Kd4 62. Nb4 e4+ 63. Ke2 Nf4+ 64. Kf2 c5 65.
Nc2+ Kc3 66. Ne3 Kd3 0-1

[Event "AUTO-ADV-3073"]
[Site "http://www.queenalice.com/game.php?id=1255417"]
[Date "2014.2.11"]
[Round "1"]
[White "ACamargo"]
[Black "nois"]
[Result "0-1"]
[WhiteElo "1972"]
[BlackElo "1776"]

1. d4 e6 2. c4 Bb4+ 3. Bd2 Nc6 4. Bxb4 Nxb4 5. a3 Nc6 6. d5 exd5 7. cxd5 Na5 8.
e4 d6 9. Qa4+ c6 10. b4 b5 11. Bxb5 cxb5 12. Qxb5+ Bd7 13. Qd3 Nb7 14. Nf3 Nf6
15. O-O a6 16. a4 O-O 17. Nc3 Re8 18. Rfc1 Qe7 19. Nd2 Qe5 20. f3 Qg5 21. Kh1
Re5 22. Rg1 Qf4 23. g3 Qh6 24. g4 Rg5 25. Nf1 Qh3 26. Rg3 Qh4 27. Ne3 Nh5 28.
Rgg1 Nf4 29. Qf1 Nd8 30. Ne2 Nxe2 31. Qxe2 f6 32. Raf1 Nf7 33. f4 Rg6 34. f5 Rh6
35. Rf4 Bxa4 36. Nf1 Bb5 37. Qf3 Ne5 38. Qg2 Nd3 39. Qf3 Nxf4 40. Qxf4 a5 41.
Qxd6 Kh8 42. bxa5 Bxf1 43. Rxf1 Qxg4 44. Qb4 Qe2 0-1

[Event "AUTO-ADV-3095"]
[Site "http://www.queenalice.com/game.php?id=1262906"]
[Date "2014.3.6"]
[Round "1"]
[White "ebpap123"]
[Black "nois"]
[Result "1-0"]
[WhiteElo "1971"]
[BlackElo "1782"]

1. e4 e5 2. Nf3 Qf6 3. Be2 Bc5 4. O-O d6 5. c3 Ne7 6. h3 Qg6 7. Bd3 c6 8. Kh1 f5
9. exf5 Nxf5 10. g4 Ng3+ 11. fxg3 Qxd3 12. Qe1 O-O 13. Kg2 Be6 14. b3 Bd5 15.
Qd1 Nd7 16. Ba3 Rf7 17. Bxc5 Nxc5 18. c4 Bxf3+ 19. Rxf3 Qe4 20. Nc3 Qd4 21. Rxf7
Kxf7 22. Qf3+ Kg8 23. Qe3 Ne6 24. Qxd4 Nxd4 25. Rf1 Re8 26. Ne4 d5 27. cxd5 cxd5
28. Nd6 Re7 29. Nf5 Nxf5 30. gxf5 e4 31. Re1 d4 32. Kf2 Kf7 33. g4 Kf6 34. Kg3
Kg5 35. h4+ Kf6 36. Kf4 h6 37. Rxe4 d3 38. Rxe7 Kxe7 39. Ke3 Kd6 40. Kxd3 Kd5
41. Ke3 Ke5 42. d4+ Kd5 43. Kd3 a6 44. b4 b6 45. a4 Kc6 46. Ke4 b5 47. a5 Kc7
48. Ke5 Kd7 49. Kd5 Kc7 50. Ke6 Kd8 51. Kf7 Kd7 52. Kxg7 Kd6 53. f6 Kd5 54. f7
Kxd4 55. f8=Q Kc4 56. Qf4+ Kb3 57. Kxh6 1-0

[Event "AUTO-ADV-3095"]
[Site "http://www.queenalice.com/game.php?id=1262907"]
[Date "2014.3.6"]
[Round "1"]
[White "nois"]
[Black "ebpap123"]
[Result "1-0"]
[WhiteElo "1745"]
[BlackElo "1991"]

1. e4 c5 2. Bc4 Nc6 3. Qf3 Ne5 4. Qe2 Nxc4 5. Qxc4 b6 6. d3 d6 7. Nc3 Nf6 8. Nf3
e6 9. Bg5 Be7 10. e5 dxe5 11. Nxe5 Bb7 12. O-O O-O 13. Rfe1 Re8 14. Qh4 Nd5 15.
Bxe7 Qxe7 16. Qxe7 Rxe7 17. Nxd5 Bxd5 18. c4 Bb7 19. Re3 Rd8 20. Rg3 f6 21. Ng4
Red7 22. Nxf6+ Kf7 23. Nxd7 Rxd7 24. Re1 Re7 25. Ree3 a6 26. Rg4 b5 27. Reg3 g6
28. Rg5 e5 29. Re3 Kf6 30. h4 bxc4 31. dxc4 Re6 32. Rd3 Re7 33. Rd6+ Kf7 34. h5
gxh5 35. Rxh5 Kg8 36. Rg5+ Kh8 37. Rd8+ 1-0

[Event "AUTO-ADV-3095"]
[Site "http://www.queenalice.com/game.php?id=1262918"]
[Date "2014.3.6"]
[Round "1"]
[White "kykobr"]
[Black "nois"]
[Result "0-1"]
[WhiteElo "1649"]
[BlackElo "1771"]

1. d4 Nf6 2. c4 e6 3. Nc3 Bb4 4. Bd2 Nc6 5. e3 O-O 6. Nf3 b6 7. a3 Bxc3 8. Bxc3
Re8 9. Bd3 Bb7 10. b4 a6 11. O-O d5 12. c5 Ng4 13. h3 Nh6 14. Bd2 e5 15. Nxe5
Nxe5 16. dxe5 Rxe5 17. Bc3 Rg5 18. Bd4 Bc8 19. Qe2 Bxh3 20. Kh2 Bxg2 21. Rg1 Be4
22. Bxe4 dxe4 23. Rxg5 Qxg5 24. Rg1 Qh4+ 25. Kg2 Rd8 26. Kf1 Nf5 27. Rg4 Qh1+
28. Rg1 Qh3+ 29. Ke1 Nxd4 30. exd4 Qc3+ 31. Kf1 Rxd4 32. Qxa6 Qh3+ 33. Ke1 Qc3+
34. Kf1 h6 35. cxb6 Rd1+ 36. Kg2 Qf3+ 37. Kh2 Qxf2+ 38. Kh3 Rxg1 39. Qc8+ Kh7
0-1

[Event "AUTO-ADV-3095"]
[Site "http://www.queenalice.com/game.php?id=1262924"]
[Date "2014.3.6"]
[Round "1"]
[White "miguel7"]
[Black "nois"]
[Result "1-0"]
[WhiteElo "1747"]
[BlackElo "1671"]

1. e4 e5 2. Nf3 Qf6 3. Nc3 Bc5 4. d3 h6 5. Nd5 Qd6 6. Be3 Bxe3 7. Nxe3 Nc6 8.
Nc4 Qe7 9. d4 exd4 10. Bd3 b5 11. Na3 a6 12. O-O d6 13. Re1 Nf6 14. e5 dxe5 15.
Be4 Bb7 16. Bxc6+ Bxc6 17. Rxe5 Bxf3 18. Rxe7+ Kxe7 19. Qxf3 Rhe8 20. Re1+ 1-0

[Event "AUTO-ADV-3095"]
[Site "http://www.queenalice.com/game.php?id=1262925"]
[Date "2014.3.6"]
[Round "1"]
[White "nois"]
[Black "miguel7"]
[Result "0-1"]
[WhiteElo "1658"]
[BlackElo "1760"]

1. e4 Nc6 2. Bc4 e5 3. Qf3 Qf6 4. c3 Qxf3 5. Nxf3 f6 6. Bxg8 Rxg8 7. d3 b6 8.
Be3 Ba6 9. c4 Nb4 10. Kd2 O-O-O 11. a3 Nc6 12. b4 Bb7 13. Rd1 d6 14. Ke2 g5 15.
Kf1 a5 16. b5 Ne7 17. Nc3 h5 18. h3 g4 0-1

[Event "AUTO-INT-2752"]
[Site "http://www.queenalice.com/game.php?id=1266578"]
[Date "2014.3.20"]
[Round "2"]
[White "Sixpack_is_impossible"]
[Black "nois"]
[Result "1-0"]
[WhiteElo "1598"]
[BlackElo "1755"]

1. e4 e5 2. Nf3 Qf6 3. b3 Bc5 4. Qe2 d6 5. d3 h6 6. h3 Nc6 7. c3 Nge7 8. Na3 a6
9. Bb2 O-O 10. O-O-O b5 11. Nc2 a5 12. a3 Qe6 13. b4 axb4 14. cxb4 Bb6 15. d4
Ng6 16. d5 Nf4 17. dxe6 Nxe2+ 18. Bxe2 1-0

[Event "AUTO-INT-2752"]
[Site "http://www.queenalice.com/game.php?id=1266579"]
[Date "2014.3.20"]
[Round "2"]
[White "nois"]
[Black "Sixpack_is_impossible"]
[Result "0-1"]
[WhiteElo "1733"]
[BlackElo "1620"]

1. e4 c5 2. Bc4 e6 3. Qf3 b6 4. e5 Nc6 5. Qg3 d5 6. exd6 Bxd6 7. Qxg7 Be5 8. Qg4
Bb7 9. c3 Na5 10. Bb3 Qd7 11. Nf3 Bd6 12. Qg7 Bxf3 13. Qxh8 Nxb3 14. axb3 Qc6
15. Qxg8+ Bf8 16. gxf3 Qxf3 17. Rg1 Qe4+ 0-1

[Event "AUTO-ADV-3115"]
[Site "http://www.queenalice.com/game.php?id=1269764"]
[Date "2014.4.2"]
[Round "1"]
[White "nois"]
[Black "MSchatz"]
[Result "0-1"]
[WhiteElo "1774"]
[BlackElo "1934"]

1. e4 e5 2. Bc4 Bc5 3. Qf3 Qf6 4. Nc3 Nc6 5. Nd5 Qxf3 6. Nxc7+ Kd8 7. Nxf3 Kxc7
8. Bxf7 d6 9. O-O Bg4 10. Ng5 Rf8 11. h3 Bd7 12. Bxg8 Rhxg8 13. Nxh7 Rf7 14. c3
g5 15. Nxg5 Bxf2+ 16. Rxf2 Rxf2 17. Kxf2 Rxg5 18. d4 Rg7 0-1

[Event "AUTO-ADV-3115"]
[Site "http://www.queenalice.com/game.php?id=1269765"]
[Date "2014.4.2"]
[Round "1"]
[White "MSchatz"]
[Black "nois"]
[Result "1-0"]
[WhiteElo "1951"]
[BlackElo "1764"]

1. e4 e5 2. Nf3 Qf6 3. Bc4 Bc5 4. Nc3 c6 5. d3 h6 6. Be3 Bxe3 7. fxe3 a5 8. Bb3
b5 9. a4 b4 10. Ne2 d6 11. O-O Qg6 12. Ng3 Ne7 13. Qe2 O-O 14. Nh4 Qg5 15. Nhf5
Nxf5 16. Nxf5 Bxf5 17. Rxf5 Qg6 18. Raf1 Ra7 19. R1f3 Qg4 20. Qf1 1-0